[Event "Dulles Colonial op 2nd"]
[Site "Dulles"]
[Date "2021.04.04"]
[Round "5"]
[White "Zaloznyy, Mike"]
[Black "Tunc, Skyler"]
[Result "1-0"]
[WhiteElo "1996"]
[BlackElo "1779"]
[PlyCount "76"]
[EventDate "2021.04.02"]
[EventType "swiss"]
[EventRounds "5"]
[EventCountry "USA"]
[SourceTitle "CBM 202 Extra"]
[Source "ChessBase"]
[SourceDate "2021.07.31"]
[SourceVersion "1"]
[SourceVersionDate "2021.07.31"]
[SourceQuality "1"]

1. Nf3 d5 2. c4 c6 3. b3 Nf6 4. g3 g6 5. Bg2 Bg7 6. Bb2 0-0 7. 0-0 Nbd7 8. d3 b6 9. Nbd2 Bb7 10. Rc1 Re8 11. cxd5 cxd5 12. Ne5 Rc8 13. Bh3 Rxc1 14. Qxc1 e6 15. Ndf3 Nxe5 16. Nxe5 Nd7 17. f4 Nxe5 18. fxe5 Qd7 19. Bd4 Qe7 20. Bg2 Rc8 21. Qd2 Qa3 22. g4 Rc7 23. h4 Qe7 24. g5 Qd8 25. Bf3 Qc8 26. Bg4 Rc2 27. Qf4 Qd7 28. a4 Bc8 29. h5 Qc7 30. Kg2 Qe7 31. Kg3 Rc7 32. Bb2 Bf8 33. hxg6 hxg6 34. Rh1 Qb4 35. Qf6 Bg7 36. Qd8+ Bf8 37. Qxc7 Qxb3 38. Qc3 Qb4 1-0